Culture Générale - Série 1780 - Statistiques

Statistiques générales
  • Ce quiz a été pris 204 fois
  • Le résultat moyen est 5 sur 10
Statistiques - réponses
Question Réponse % Correct
Quelle série a valu à la romancière J. K. Rowlings une notoriété mondiale ? Harry Potter
95%
Quel titre de noblesse est immédiatement inférieur à celui de comte ? vicomte
80%
Qui a écrit La Chartreuse de Parme ? Stendhal
60%
Quel acteur français avait le premier rôle dans le film de Luchino Visconti "Le Guépard" ? Alain Delon
56%
Qui est amoureuse de Rodrigue dans Le Cid et réclame pourtant son châtiment ? Chimène
56%
Qui a écrit Le Vicomte de Bragelonne ? Alexandre Dumas
38%
Dans quelle ville européenne est né Georges Simenon ? Liège
31%
Qui a écrit "La Jument verte" en 1933 ? Marcel Aymé
22%
Qui a écrit la pièce de théâtre "Knock ou le Triomphe de la médecine" ? Jules Romains
13%
Dans quel film John Travolta incarne-t-il un ange tombé du ciel ? Michael
3%
Aucun quiz correspondant
Distribution des résultats
% des personnes avec chaque résultat
Percentile par nombre de réponses
Votre historique - résultats
Vous n’avez pas pris ce quiz